000 00750nam a2200181 a 4500
008 160217s2014 ||||||||||||||||| || u
020 _a9780124046313
050 _aQH 430 Lie
100 _aLiehr, Thomas
245 1 0 _aBenign and pathological chromosomal imbalances: imcroscopic and submicrospic copy number variations(CNVs) in genetics and counseling
_cBy Thomas Liehr
260 _aAmsterdam:
_bElsevier
_c2014
300 _axix, 199p.: ill.
350 _a99.95
650 0 _aGENETICS
650 _aVARIATION (BIOLOGY)
650 _aDNA COPY NUMBER VARIATIONS
995 _aMEDICAL LIBRARY OPEN ACCESS
_e903448
_FCBU-SCHOOL OF MEDICINE LIBRARY (Ndola)
_I99.95
_jQH 430 Lie
_M1
_UAVAILABLE
_WFeb 18, 2016
_y903448
_ZMedical Library Open Access Collection
999 _c30847
_d30847